História a súčasnosť správcovských spoločností v SR diplomová práca

Guardado en:
Detalles Bibliográficos
Autor principal: Morovicsová, Agneša
Autor Corporativo: Národohospodárska fakulta EU. Katedra bankovníctva a medzinárodných financií
Otros Autores: Workie Tiruneh, Menbere
Formato: Libro
Lenguaje:eslovaco
Publicado: Bratislava 2008
Etiquetas: Agregar Etiqueta
Sin Etiquetas, Sea el primero en etiquetar este registro!

MARC

LEADER 00000nam$a2200000$$$4500
001 0076804
005 20240201115241.0
041 0 |a slo 
044 |a SK 
245 1 0 |a História a súčasnosť správcovských spoločností v SR  |b diplomová práca  |c Agneša Morovicsová ; škol. Menbere Workie Tiruneh 
264 1 |a Bratislava  |c 2008 
300 |a 69 s. 
100 1 |a Morovicsová, Agneša 
700 1 |a Workie Tiruneh, Menbere 
710 2 |a Národohospodárska fakulta EU. Katedra bankovníctva a medzinárodných financií